| 000 | 00388nam a22001697a 4500 | ||
|---|---|---|---|
| 003 | CEME | ||
| 005 | 20210628204010.0 | ||
| 008 | 210106b xxu||||| |||| 00| 0 eng d | ||
| 020 | _a0340654112 | ||
| 040 | _c. | ||
| 082 | _a823 STE | ||
| 100 |
_aStewart, Mary _968197 |
||
| 245 | _aThe prince and the pilgrim | ||
| 260 |
_aLONDON _bCORONET _c1995 |
||
| 300 | _a343P | ||
| 942 |
_cBK _2ddc |
||
| 999 |
_c575819 _d575819 |
||